3 Największe miasta z każdego województwa - Statystyki

Ogólne statystyki
  • Ten quiz został rozwiązany 92 razy
    90 od ostatniego zresetowania
  • Średni wynik to 37 z 48
Statystyki odpowiedzi
Województwo Liczba Ludności Odpowiedź % Poprawnych
Łódzkie 652,015 Łódź
100%
Pomorskie 487,371 Gdańsk
99%
Mazowieckie 1,861,599 Warszawa
99%
Pomorskie 241,189 Gdynia
97%
Małopolskie 806,201 Kraków
97%
Lubelskie 329,565 Lublin
97%
Dolnośląskie 673,743 Wrocław
97%
Opolskie 126,077 Opole
96%
Zachodniopomorskie 389,066 Szczecin
96%
Śląskie 279,190 Katowice
94%
Świętokrzyskie 182,295 Kielce
94%
Podkarpackie 197,268 Rzeszów
94%
Kujawsko-Pomorskie 194,771 Toruń
94%
Podlaskie 291,688 Białystok
93%
Kujawsko-Pomorskie 326,434 Bydgoszcz
93%
Warmińsko-Mazurskie 167,311 Olsztyn
93%
Wielkopolskie 538,439 Poznań
93%
Lubuskie 138,932 Zielona Góra
92%
Lubuskie 115,247 Gorzów Wielkopolski
90%
Śląskie 205,969 Częstochowa
86%
Mazowieckie 196,005 Radom
83%
Warmińsko-Mazurskie 112,923 Elbląg
79%
Podlaskie 68,231 Suwałki
79%
Wielkopolskie 93,137 Kalisz
78%
Zachodniopomorskie 105,540 Koszalin
76%
Dolnośląskie 91,948 Legnica
76%
Podkarpackie 56,050 Przemyśl
74%
Małopolskie 103,129 Tarnów
74%
Dolnośląskie 100,294 Wałbrzych
74%
Kujawsko-Pomorskie 100,807 Włocławek
74%
Warmińsko-Mazurskie 59,759 Ełk
72%
Podlaskie 59,711 Łomża
72%
Łódzkie 66,519 Piotrków Trybunalski
72%
Lubelskie 58,231 Zamość
71%
Mazowieckie 111,190 Płock
69%
Pomorskie 85,504 Słupsk
68%
Śląskie 187,115 Sosnowiec
67%
Lubelskie 57,214 Chełm
61%
Opolskie 54,387 Kędzierzyn-Koźle
61%
Wielkopolskie 70,054 Piła
61%
Małopolskie 80,358 Nowy Sącz
60%
Świętokrzyskie 62,093 Ostrowiec Świętokrzyski
56%
Opolskie 40,685 Nysa
53%
Zachodniopomorskie 66,604 Stargard
53%
Podkarpackie 56,972 Mielec
51%
Łódzkie 60,598 Pabianice
46%
Świętokrzyskie 44,416 Starachowice
46%
Lubuskie 36,040 Nowa Sól
43%
Nie znaleziono quizów pasujących do podanych kryteriów
Rozkład punktacji
Procent ludzi z każdym wynikiem
Percentyl według liczby udzielonych odpowiedzi
Twoja historia wyników
Nie rozwiązałeś tego quizu od ostatniego zresetowania